[Event "3rd Panama Open"]
[Site "Panama City PAN"]
[Date "2013.11.03"]
[Round "6.14"]
[White "Vera Gonzalez Quevedo,R"]
[Black "Brizuela,Ronald"]
[Result "1-0"]
[WhiteElo "2446"]
[BlackElo "2212"]

1.Nf3 d5 2.d4 Nf6 3.c4 e6 4.Nc3 Be7 5.Bf4 O-O 6.e3 c6 7.Qc2 Nbd7 8.Rd1 Re8
9.h3 Qa5 10.Nd2 Bb4 11.Be2 e5 12.dxe5 Nxe5 13.O-O dxc4 14.Nxc4 Nxc4 15.Bxc4 Be6
16.Ne2 Bf8 17.Bxe6 Rxe6 18.Nd4 Ree8 19.a3 Rad8 20.Nf5 Nd5 21.Bg5 f6 22.Bh4 Qc5
23.Qb1 Ne7 24.Nd4 Qc4 25.Bg3 c5 26.Rc1 Qd5 27.Nb5 Nf5 28.Nc7 Qe4 29.Nxe8 Nxg3
30.Qxe4 Nxe4 31.Nc7 Rd2 32.Rcd1 Rxb2 33.Rd8 Kf7 34.Rd7+ Kg8 35.Ne6 Ng5 36.Nxg5 fxg5
37.Rfd1 Rb6 38.a4 a5 39.R1d5 h6 40.Rd8  1-0

[Event "TCh-CZE Extraliga 2013-14"]
[Site "Turnov CZE"]
[Date "2013.11.03"]
[Round "2.5"]
[White "Bernasek,J"]
[Black "Polak,T"]
[Result "1-0"]
[WhiteElo "2545"]
[BlackElo "2503"]

1.Nf3 Nf6 2.d4 e6 3.c4 d5 4.Nc3 Be7 5.Bf4 O-O 6.e3 c5 7.dxc5 Bxc5 8.Be2 dxc4
9.Bxc4 Nc6 10.O-O a6 11.Qe2 b5 12.Bd3 Nb4 13.Bb1 Bb7 14.e4 Nh5 15.Bg5 Be7
16.Rd1 Qc7 17.a3 Nc6 18.e5 Rfd8 19.Be4 Rxd1+ 20.Rxd1 Rd8 21.Rxd8+ Nxd8 22.Bxe7 Qxe7
23.Bxb7 Nxb7 24.Qe3 b4 25.Ne2 bxa3 26.bxa3 f5 27.Qb6 Nc5 28.Nfd4 h6 29.h3 f4
30.Nc6 Qf8 31.Ned4 f3 32.Qc7 Nd3 33.Nxe6 Qxa3 34.Qd8+ Kh7 35.Nf8+ Kg8 36.Ng6+ Kf7
37.Nh8+ Ke6 38.Nd4+ Kxe5 39.Ng6+ Ke4 40.gxf3+  1-0

[Event "4th Brno Open 2013"]
[Site "Brno CZE"]
[Date "2013.11.16"]
[Round "1.4"]
[White "Chudinovskikh,A"]
[Black "Zejda,K"]
[Result "1-0"]
[WhiteElo "2334"]
[BlackElo "1825"]

1.d4 d5 2.c4 e6 3.Nf3 Nf6 4.Nc3 Be7 5.Bf4 c6 6.e3 Nbd7 7.Qc2 O-O 8.Rd1 Qa5
9.Bd3 dxc4 10.Bxc4 Nd5 11.O-O Nxf4 12.exf4 Qh5 13.Rfe1 Bd6 14.Ne5 Nb6 15.Bb3 f6
16.Nd3 Nd5 17.g3 Qg4 18.Re4 Bd7 19.Nc5 Bxc5 20.dxc5 Rae8 21.Rde1 Kh8 22.Kg2 e5
23.fxe5 Qh3+ 24.Kg1 Bf5 25.exf6 Bxe4 26.fxg7+ Kxg7 27.Nxe4 Nf6 28.Qc3 Qf5
29.Nd6 Rxe1+ 30.Qxe1 Qd7 31.Be6 Qc7 32.Qc3 b6 33.b4 Qd8 34.Qe5 h6 35.Qf4 Ng8
36.Nf5+ Kh8 37.Bxg8 Qf6 38.Bb3 Kh7  1-0

[Event "10th European Teams w"]
[Site "Warsaw POL"]
[Date "2013.11.17"]
[Round "9.3"]
[White "Kursova,M"]
[Black "Rudolf,An"]
[Result "0-1"]
[WhiteElo "2339"]
[BlackElo "2281"]

1.d4 d5 2.Nf3 Nf6 3.c4 e6 4.Nc3 Be7 5.Bf4 O-O 6.Rc1 Nbd7 7.cxd5 exd5 8.e3 c6
9.h3 Re8 10.Bd3 Nf8 11.O-O Ng6 12.Bh2 Bd6 13.Bxd6 Qxd6 14.Qc2 Qe7 15.Nd2 Nh4
16.Rfe1 Qe6 17.Nf1 Ne4 18.Ne2 Qf6 19.Neg3 Qg5 20.f4 Qg6 21.Bxe4 dxe4 22.Kh2 Be6
23.Nd2 Rad8 24.Rf1 h5 25.Rf2 Nf5 26.Nxf5 Bxf5 27.Nf1 Rxd4 28.Qc5 Rd7 29.Ng3 Rd5
30.Qxa7 h4 31.Nf1 Rd7 32.a4 Red8 33.b4 Rd1 34.Qc5 R8d5 35.Qc2 R1d3 36.Re2 Qh5
37.Qb2 Rb3 38.Qxb3 Qxe2 39.Qc3 Be6 40.Ra1 Kh7 41.a5 g5 42.Kg1 gxf4 43.Re1 Rd3
44.Qe5 Qxe1 45.Qxe4+ Kg7 46.Qxd3 Qxb4 47.Qd8 Qc5 48.Qxh4 fxe3 49.Qg3+ Kf6
50.Nxe3 Qxa5 51.Qf4+ Ke7 52.h4 f6 53.Qh6 Qe5 54.Kf2 b5 55.g3 b4 56.Qh7+ Kd6
57.h5 b3 58.h6 Qd4 59.Qb7 Qd2+ 60.Kf3 Qd3 61.Kf2 Qd2+ 62.Kf3 Bd5+ 63.Nxd5 Qxd5+
64.Kf4 Qe5+ 65.Kf3 Qh5+ 66.Kg2 Qe2+ 67.Kh3 Qf1+ 68.Kh2 Qf2+ 69.Kh3 b2 70.h7 Qf1+
71.Kh2 Qe2+ 72.Kh3 Qh5+ 73.Kg2 Qd5+ 74.Kh2 Qh5+ 75.Kg2 Qe2+ 76.Kh3 Qf1+ 77.Kh2 b1=Q
78.Qxb1 Qxb1 79.h8=Q Qc2+ 80.Kh3 Qf5+ 81.Kg2 c5 82.Qb8+ Kc6 83.Qa8+ Kb5 84.Qb7+ Kc4
85.Qa6+ Kc3 86.Qa3+ Kc2 87.Qa2+ Kc1 88.Qa1+ Kd2 89.Qb2+ Qc2 90.Qxf6 Qe4+
91.Kh2 c4 92.Qd6+ Qd3 93.Qf4+ Kd1 94.g4 c3 95.Qa4+ c2 96.Kg2 Ke1 97.Qa1+ Qd1
98.Qc3+ Qd2+  0-1

[Event "ch-PAR 2013"]
[Site "Asuncion URU"]
[Date "2013.11.18"]
[Round "1.6"]
[White "Latorre,Man"]
[Black "Goiriz,Y"]
[Result "1-0"]
[WhiteElo "2308"]
[BlackElo "2090"]

1.d4 Nf6 2.Nf3 e6 3.c4 d5 4.Nc3 Be7 5.Bf4 O-O 6.e3 c5 7.dxc5 Bxc5 8.Qc2 Nc6
9.a3 Qe7 10.Bg5 Rd8 11.O-O-O dxc4 12.Bxc4 Bd7 13.Ne4 Rac8 14.Kb1 Na5 15.Bxf6 gxf6
16.Qc3 e5 17.Qxa5 Bb6 18.Rxd7 Rxd7 19.Qa4 Bd8 20.Nxf6+ Qxf6 21.Qxd7 Rxc4
22.Qe8+ Kg7 23.Qxe5 Rg4 24.g3 Rg6 25.Rc1 Bb6 26.Rc2 Qxe5 27.Nxe5 Rh6 28.h4 Re6
29.Nd3 Kg6 30.Nf4+  1-0

[Event "76th ch-CRC 2013"]
[Site "San Jose CRC"]
[Date "2013.11.19"]
[Round "6.1"]
[White "Murillo,Alex"]
[Black "Maynard,F"]
[Result "1-0"]
[WhiteElo "2290"]
[BlackElo "2159"]

1.d4 d5 2.c4 e6 3.Nc3 Nf6 4.Nf3 Be7 5.Bf4 O-O 6.e3 c5 7.dxc5 Bxc5 8.Be2 Nc6
9.O-O dxc4 10.Bxc4 Bd7 11.Rc1 Be7 12.h3 a6 13.Bd3 Qa5 14.Bb1 Rfd8 15.Nd2 Be8
16.Qe2 Qh5 17.Nf3 Rac8 18.e4 Nd7 19.e5 Nf8 20.Rfd1 Ng6 21.Bg3 Rxd1+ 22.Rxd1 Rd8
23.Be4 Qh6 24.Kh2 Qh5 25.a4 Kf8 26.Rxd8 Nxd8 27.Qd1 a5 28.Qb3 Bb4 29.Na2 Bc6
30.Bxc6 Nxc6 31.Nxb4 axb4 32.Qe3 Qf5 33.Qb6 Qc2 34.Nd4 Ke8 35.Nxc2  1-0

[Event "St Louis Classic IM 2013"]
[Site "Saint Louis USA"]
[Date "2013.11.22"]
[Round "2.4"]
[White "Kavutskiy,K"]
[Black "Agrest,I"]
[Result "1/2-1/2"]
[WhiteElo "2275"]
[BlackElo "2160"]

1.d4 d5 2.c4 e6 3.Nf3 Nf6 4.Nc3 Be7 5.Bf4 c6 6.e3 O-O 7.Qc2 b6 8.Rd1 Bb7
9.Bd3 h6 10.cxd5 Nxd5 11.Nxd5 cxd5 12.O-O Nc6 13.a3 Rc8 14.Qe2 Bd6 15.Bb1 Bxf4
16.exf4 Qf6 17.Qd3 g6 18.Ne5 Rc7 19.Qg3 Rfc8 20.h4 h5 21.Rfe1 Ba6 22.Nf3 Bb5
23.Re3 Ne7 24.Ree1 Ba4 25.Rd2 Bc2 26.Ba2 Nf5 27.Qg5 Qxg5 28.hxg5 Be4 29.Ne5 Rc2
30.Red1 Rxd2 31.Rxd2 Rc1+ 32.Kh2 Rc2 33.Rxc2 Bxc2 34.Nc6 a5 35.b3 Nd6 36.b4 a4
37.Na7 Ne4 38.Nb5 Bd3 39.f3 Bxb5 40.fxe4 dxe4 41.Kg3 Bc6 42.Bc4 b5 43.Be2 f5
44.gxf6 Kf7 45.Kf2 Kxf6 46.Ke3 Kf5 47.Bd1 Bd5 48.Be2 Bc6 49.Bd1 Bd5  1/2-1/2

[Event "Bundesliga 2013-14"]
[Site "Baden-Baden GER"]
[Date "2013.11.23"]
[Round "3"]
[White "Gustafsson,J"]
[Black "Walter,S2"]
[Result "1-0"]
[WhiteElo "2628"]
[BlackElo "2343"]

1.Nf3 Nf6 2.c4 e6 3.Nc3 d5 4.d4 Be7 5.Bf4 O-O 6.Rc1 c6 7.e3 Nbd7 8.h3 b6
9.cxd5 exd5 10.Bd3 Re8 11.O-O Bb7 12.Qc2 Nf8 13.Ne5 N6d7 14.Nf3 g6 15.Rcd1 Ne6
16.Bg3 Rc8 17.Qe2 Bf6 18.Ba6 Bxa6 19.Qxa6 Ra8 20.Rd2 Qc8 21.Qxc8 Raxc8 22.Rc1 b5
23.Rdc2 Nb6 24.Ne2 Nc4 25.b3 Na5 26.Bd6 Be7 27.Bxe7 Rxe7 28.Ne5 Rec7 29.Nd3 Nb7
30.Nb4 Nbd8 31.Na6 Rb7 32.g3 Kf8 33.Nb4 Rbc7 34.Na6 Rb7 35.Nf4 Nxf4 36.gxf4 Ke7
37.Nc5 Rbb8 38.f3 Rb6 39.Kf2 Ne6 40.h4 Nxc5 41.Rxc5 Kd6 42.e4 Re8 43.Ke3 Re7
44.Kd3 Re6 45.R5c2 Ra6 46.Rg1 Ra3 47.h5 Ra6 48.Rg5 b4 49.Rh2 Ra5 50.e5+ Kd7
51.hxg6 hxg6 52.f5 gxf5 53.Rxf5 Re7 54.Rf6 Kc7 55.Rc2 Ra6 56.f4 Rb6 57.f5 Rd7
58.Ke3 Kb7 59.Kf4  1-0

[Event "UT Dallas IM Inv 2013"]
[Site "Dallas USA"]
[Date "2013.11.24"]
[Round "5.3"]
[White "Danelia,M"]
[Black "Moon,R"]
[Result "1-0"]
[WhiteElo "2219"]
[BlackElo "2149"]

1.d4 d5 2.c4 e6 3.Nf3 Nf6 4.Nc3 Be7 5.Bf4 O-O 6.e3 c5 7.dxc5 Bxc5 8.Qc2 Nc6
9.Rd1 Qa5 10.Be2 Be7 11.O-O dxc4 12.Bxc4 e5 13.Bg3 Bg4 14.h3 Bh5 15.Nd5 Bd8
16.a3 Bg6 17.Qb3 e4 18.Qxb7 exf3 19.Qxa8 fxg2 20.Rfe1 Qc5 21.Ba2 Be4 22.Rc1 Bb6
23.Qxc6 Qxc6 24.Ne7+  1-0

[Event "British Rapidplay 2013"]
[Site "Leeds ENG"]
[Date "2013.11.24"]
[Round "10.5"]
[White "Mazek,M"]
[Black "Batchelor,Peter J"]
[Result "0-1"]
[WhiteElo "2071"]
[BlackElo "2129"]

1.d4 d5 2.Nf3 Nf6 3.c4 e6 4.Nc3 Be7 5.Bf4 O-O 6.e3 Nbd7 7.c5 c6 8.h3 b6 9.b4 a5
10.a3 Ba6 11.Bxa6 Rxa6 12.O-O Qa8 13.b5 cxb5 14.Nxb5 Qc6 15.Nc7 Ra7 16.cxb6 Nxb6
17.Nd2 Rxc7 18.Rc1 Qxc1 19.Qxc1 Rxc1 20.Rxc1 Rc8 21.Ra1  0-1

[Event "2nd Hyderabad GM Open 2013"]
[Site "Hyderabad IND"]
[Date "2013.11.25"]
[Round "2.14"]
[White "Deepan,C"]
[Black "Praveen Kumar,C1"]
[Result "0-1"]
[WhiteElo "2471"]
[BlackElo "2281"]

1.d4 d5 2.c4 e6 3.Nc3 Be7 4.Nf3 Nf6 5.Bf4 O-O 6.e3 c6 7.Qc2 Nbd7 8.a3 Re8
9.Rd1 a6 10.Bd3 dxc4 11.Bxc4 b5 12.Bd3 Bb7 13.e4 h6 14.O-O c5 15.dxc5 Bxc5
16.e5 Bxf3 17.gxf3 Nh5 18.Bc1 Rc8 19.Kh1 Kh8 20.Qe2 Rc7 21.Qe4 f5 22.exf6 Nhxf6
23.Qe2 e5 24.Bg6 Rf8 25.Rg1 Bd4 26.Rg2 Nc5 27.Bb1 Qc8 28.f4 Bxc3 29.bxc3 e4
30.Rdg1 Qf5 31.Qe3 Nd3 32.f3 Rd8 33.Rd2 Rcd7 34.Rgd1 Qh3 35.Rg1 Nxc1 36.Rxd7 Rxd7
37.Bxe4 Nb3 38.Bd3 Nd2 39.Be2 Nc4 40.Qc5 Qe6  0-1

[Event "5th Pilsen Open 2013"]
[Site "Plzen CZE"]
[Date "2013.11.25"]
[Round "2"]
[White "Chudinovskikh,A"]
[Black "Wrobel,Michal"]
[Result "1-0"]
[WhiteElo "2334"]
[BlackElo "1646"]

1.d4 d5 2.Nf3 Nf6 3.c4 e6 4.Nc3 Be7 5.Bf4 O-O 6.e3 c6 7.Qc2 Nbd7 8.h3 dxc4
9.Bxc4 Nd5 10.Bg3 N7f6 11.O-O Bd6 12.Bh4 Be7 13.Rad1 Nxc3 14.bxc3 Nd5 15.Bxe7 Qxe7
16.Bd3 h6 17.Ne5 Nf6 18.Qd2 Nd7 19.f4 Qe8 20.Bc2 Nf6 21.Qd3 g6 22.Rf3 Kg7
23.Rdf1 Nd5 24.Rg3 Ne7 25.e4 Kh7 26.h4 f6 27.Nc4 h5 28.Nd6 Qd7 29.e5 f5 30.Rg5 b6
31.g4 hxg4 32.h5 Kg7 33.hxg6 Nxg6 34.Rxg4 fxg4 35.Qxg6+ Kh8 36.Rf2 Qg7 37.Rh2+ Kg8
38.Qh5 Ba6 39.Bh7+ Kh8 40.Bf5+  1-0

[Event "UT Dallas IM Inv 2013"]
[Site "Dallas USA"]
[Date "2013.11.26"]
[Round "9.1"]
[White "Danelia,M"]
[Black "Getz,A"]
[Result "1/2-1/2"]
[WhiteElo "2219"]
[BlackElo "2344"]

1.d4 d5 2.c4 e6 3.Nf3 Nf6 4.Nc3 Be7 5.Bf4 O-O 6.e3 Nbd7 7.Qc2 a6 8.Rd1 b6
9.Bd3 Bb7 10.O-O Bd6 11.Ne5 h6 12.h3 Qe7 13.Rfe1 c5 14.cxd5 exd5 15.Nxd7 Qxd7
16.Bf5 Qe7 17.Bxd6 Qxd6 18.dxc5 Qxc5 19.Na4 Qxc2 20.Bxc2 b5 21.Nc3 Rfd8 22.Rd4 Kf8
23.a4 bxa4 24.Bxa4 Ke7 25.Red1 Rab8 26.R1d2 Ba8 27.Bd1 Bc6 28.Bf3 Rd7 29.g4 g5
30.Ne2 Rdb7  1/2-1/2

[Event "World Teams 2013"]
[Site "Antalya TUR"]
[Date "2013.11.27"]
[Round "2.5"]
[White "Esen,B"]
[Black "Baramidze,D"]
[Result "1/2-1/2"]
[WhiteElo "2565"]
[BlackElo "2614"]

1.d4 d5 2.Nf3 Nf6 3.c4 e6 4.Nc3 Be7 5.Bf4 O-O 6.e3 Nbd7 7.Be2 dxc4 8.O-O c5
9.dxc5 Nxc5 10.Bxc4 Qxd1 11.Rfxd1 b6 12.Bd6 Bxd6 13.Rxd6 Bb7 14.Rad1 Rfc8
15.Ne5 Kf8 16.b4 Nce4 17.Nxe4 Bxe4 18.R6d4 a5 19.f3 Bc2 20.R1d2 b5 21.Rxc2 bxc4
22.Rdxc4 Rxc4 23.Rxc4 axb4 24.Rxb4 Rxa2 25.Rb7 Nd5 26.Rxf7+ Kg8 27.Rb7 h5
28.Rb3 g5 29.h3 Re2 30.Nc4 h4 31.Kf1 Rc2 32.Ne5 Rc1+ 33.Ke2 Rc2+ 34.Kf1 Rc1+
35.Kf2 Rc2+ 36.Kg1 Nc3 37.Rb8+ Kg7 38.Rb7+ Kg8 39.Rb8+ Kg7 40.Rb7+ Kg8 41.Re7 Ne2+
42.Kf1 Ng3+ 43.Ke1 Nf5 44.Rxe6 Nxe3 45.Rg6+ Kf8 46.Rxg5 Nxg2+ 47.Kf1 Ne3+
48.Kg1 Ke7 49.Ng4 Nc4 50.Rh5 Nd2 51.Ne5 Ke6 52.f4 Kd5 53.Nf3+ Ke4 54.Nxd2+ Rxd2
55.Rxh4 Kf3 56.Rg4 Rd1+ 57.Kh2 Rd2+ 58.Kh1 Rd1+ 59.Rg1 Rxg1+ 60.Kxg1 Kxf4  1/2-1/2

[Event "14th Puhajarve Rapid"]
[Site "Puhajarve EST"]
[Date "2013.11.29"]
[Round "9.1"]
[White "Karpov,Ana"]
[Black "Ladva,O"]
[Result "0-1"]
[WhiteElo "2619"]
[BlackElo "2335"]

1.d4 d5 2.c4 e6 3.Nc3 Be7 4.Nf3 Nf6 5.Bf4 O-O 6.e3 Nbd7 7.a3 c5 8.cxd5 Nxd5
9.Nxd5 exd5 10.dxc5 Nxc5 11.Be5 Bf6 12.Bxf6 Qxf6 13.Qd4 Qxd4 14.Nxd4 Bg4
15.f3 Bd7 16.Rd1 Rac8 17.Kf2 Ba4 18.Rd2 Nb3 19.Nxb3 Bxb3 20.Be2 Rc5 21.Bd1 Bc4
22.b3 Bb5 23.b4 Rc3 24.Rxd5 Bc6 25.Ra5 Rd8 26.Re1 a6 27.a4 Ra3 28.e4 Rd4
29.Re3 Rxe3 30.Kxe3 Rxd1 31.b5 Be8 32.bxa6 bxa6 33.Rxa6 Ra1 34.a5 Kf8 35.h4 Ke7
36.g4 g6 37.Ra7+ Kf6 38.Ra6+ Kg7 39.f4 Bb5 40.Ra7 Ra3+ 41.Kd4 Ra4+ 42.Kc5 Be2
43.f5 Rxe4 44.fxg6 hxg6 45.g5 Rxh4 46.Re7 Bf1 47.Re1 Rf4 48.Kb6 Rf5 49.Rc1 Rb5+
50.Kc6 Rxa5 51.Rxf1 Rxg5 52.Kd6 Ra5 53.Rh1 g5 54.Rf1 Kg6 55.Ke7 f5 56.Ke6 g4
57.Rb1 Kg5 58.Rb8 g3 59.Rb3 f4  0-1

[Event "2nd Hyderabad GM Open 2013"]
[Site "Hyderabad IND"]
[Date "2013.12.02"]
[Round "10.7"]
[White "Sanikidze,T"]
[Black "Thejkumar,M"]
[Result "1-0"]
[WhiteElo "2553"]
[BlackElo "2452"]

1.d4 d5 2.Nf3 Nf6 3.c4 e6 4.Nc3 Be7 5.Bf4 O-O 6.e3 c5 7.dxc5 Na6 8.cxd5 Nxd5
9.Nxd5 exd5 10.Be5 Nxc5 11.Be2 Bf5 12.O-O Be4 13.Rc1 Rc8 14.Qd4 a6 15.Nd2 Ne6
16.Qa7 Nc5 17.Nxe4 dxe4 18.Rfd1 Nd3 19.Bxd3 exd3 20.Qd4 Rxc1 21.Rxc1 Qa5
22.Bxg7 Qd2 23.Rf1 Rd8 24.Qg4 f5 25.Qg3 Kf7 26.Bc3 Qe2 27.Qg7+ Ke8 28.Qg8+ Kd7
29.Qb3 Ke8 30.Re1 Qg4 31.f3 Qg6 32.Rd1 Bc5 33.Kf1 Bxe3 34.Ba5 b6 35.Rxd3 Rxd3
36.Qxd3 Bc5 37.Qxa6 Qd6 38.Bc3 Qxh2 39.Qc8+ Ke7 40.Qxf5 Qg1+ 41.Ke2 Qxg2+
42.Kd3 Qf1+ 43.Kc2 Qe2+ 44.Bd2 Qc4+ 45.Kb1 Qf1+ 46.Bc1 Kd6 47.Qe4 Qd1 48.Qf4+ Ke6
49.Qh6+ Ke5 50.f4+ Kd5 51.Qxh7 Kc6 52.Qe4+ Kd6  1-0

[Event "Snowdrops vs Old Hands Match 2013"]
[Site "Podebrady CZE"]
[Date "2013.12.02"]
[Round "3.3"]
[White "Cmilyte,V"]
[Black "Dorfman,I"]
[Result "1/2-1/2"]
[WhiteElo "2506"]
[BlackElo "2580"]

1.d4 Nf6 2.c4 e6 3.Nf3 d5 4.Nc3 Be7 5.Bf4 O-O 6.e3 Nbd7 7.Be2 dxc4 8.O-O Nd5
9.Bxc4 Nxf4 10.exf4 c5 11.dxc5 Qc7 12.f5 Nxc5 13.Qe2 Bf6 14.Rac1 Bxc3 15.Rxc3 Qf4
16.fxe6 Bxe6 17.Bxe6 Nxe6 18.Qb5 Nd4 19.Nxd4 Qxd4 20.Rc7 b6 21.g3 a6 22.Qb3 Rad8
23.Re1 g6 24.Re3 Rd6 25.Rf3 Rf6 26.Rxf6 Qxf6 27.Qc3 Qe6 28.Rc6 Qxa2  1/2-1/2

[Event "Moscow Cup Final 2013"]
[Site "Moscow RUS"]
[Date "2013.12.03"]
[Round "5.1"]
[White "Karpov,Va"]
[Black "Granovskiy,A"]
[Result "1-0"]
[WhiteElo "2359"]
[BlackElo "2288"]

1.d4 Nf6 2.Nf3 d5 3.c4 e6 4.Nc3 Be7 5.Bf4 O-O 6.e3 c5 7.dxc5 Bxc5 8.Qc2 Nc6
9.a3 Be7 10.O-O-O Qa5 11.g4 dxc4 12.Bxc4 e5 13.g5 exf4 14.gxf6 Bxf6 15.Nd5 Ne7
16.Nxf6+ gxf6 17.Rhg1+ Kh8 18.e4 Bh3 19.Kb1 Rad8 20.Rxd8 Rxd8 21.Bxf7 Qb6
22.Ka1 Rf8 23.Ba2 Ng6 24.e5 Qc6 25.Qb3 Qb6 26.Qd3 Rd8 27.Rxg6 hxg6 28.Qxg6 Rd1+
29.Bb1 f5 30.Qh5+ Kg8 31.Ng5 Qb3 32.Qg6+ Kf8 33.Ne6+ Ke7 34.Qg7+  1-0

[Event "World Teams 2013"]
[Site "Antalya TUR"]
[Date "2013.12.04"]
[Round "8.2"]
[White "Ding Liren"]
[Black "Fridman,D"]
[Result "1/2-1/2"]
[WhiteElo "2711"]
[BlackElo "2600"]

1.d4 d5 2.c4 e6 3.Nc3 Nf6 4.Nf3 Be7 5.Bf4 O-O 6.e3 Nbd7 7.c5 Nh5 8.Be2 Nxf4
9.exf4 b6 10.b4 a5 11.a3 c6 12.O-O Qc7 13.g3 Ba6 14.Qc2 Bf6 15.Rfe1 Qb7 16.Kg2 Rfb8
17.Rab1 Bxe2 18.Nxe2 axb4 19.axb4 Qa6 20.b5 Qc8 21.cxb6 Rxb6 22.Rec1 Rab8
23.Qd3 R8b7 24.f5 Qb8 25.fxe6 fxe6 26.bxc6 Rxb1 27.c7 Qc8 28.Rxb1 Rxb1 29.Qxb1 Qxc7
30.Nf4 Qc6 31.h4 Bd8 32.Qe1 Nf8 33.Ng5 Bxg5 34.hxg5 Qb6 35.Qe5 Qc6 36.Kh3 Qd7
37.Kh2 Qf7 38.Kg2 Ng6 39.Qb8+ Qf8 40.Qxf8+ Nxf8 41.Nd3 Nd7 42.Nc5 Nf8 43.f4 Kf7
44.Kf3 Ng6 45.Nd3 h5 46.gxh6 gxh6 47.Kg4 Ne7 48.Kh5 Kf6 49.Nc5 Nf5 50.Nxe6 Nxg3+  1/2-1/2

[Event "ch-HUN w 2013"]
[Site "Heviz HUN"]
[Date "2013.12.04"]
[Round "2.5"]
[White "Goczo,M"]
[Black "Varga,Kl"]
[Result "0-1"]
[WhiteElo "2223"]
[BlackElo "2211"]

1.d4 Nf6 2.c4 e6 3.Nf3 d5 4.Nc3 Be7 5.Bf4 c6 6.e3 O-O 7.Qc2 Nbd7 8.Bd3 dxc4
9.Bxc4 Nh5 10.Be5 Nxe5 11.dxe5 g6 12.Bd3 Ng7 13.O-O-O Qa5 14.Kb1 c5 15.h4 c4
16.Bxc4 b5 17.Bd3 Bb7 18.Be4 Bxe4 19.Nxe4 Rac8 20.Qb3 Qb6 21.g4 Qb7 22.Qd3 Rfd8
23.Nd4 b4 24.f4 a5 25.h5 gxh5 26.Nf6+ Bxf6 27.exf6 Ne8 28.g5 Qd5 29.Rxh5 Nxf6
30.Rh2 Ne4 31.Rdh1 Kf8 32.Qb5 Nd2+ 33.Ka1 Qxb5 34.Nxb5 Nc4 35.Rxh7 Nxe3 36.Nd6 Rc7
37.Ne4 Rcd7 38.Rh8+ Ke7 39.Rxd8 Rxd8 40.Nc5 Rd5 41.Nb3 a4 42.Nc1 Rd2 43.Kb1 a3
44.bxa3 bxa3 45.Nb3 Rb2+ 46.Kc1 Rxa2 47.Rh7 Rc2+ 48.Kb1 Rb2+ 49.Kc1 Rxb3
50.g6 a2 51.Rxf7+ Ke8 52.Ra7 Rb1+ 53.Kd2 Nf1+  0-1

[Event "9th Ugra Governor's Cup"]
[Site "Khanty-Mansiysk RUS"]
[Date "2013.12.06"]
[Round "9.12"]
[White "Smirnov,P"]
[Black "Oparin,G"]
[Result "1/2-1/2"]
[WhiteElo "2641"]
[BlackElo "2520"]

1.d4 d5 2.c4 e6 3.Nc3 Be7 4.Nf3 Nf6 5.Bf4 O-O 6.e3 Nbd7 7.Qc2 c5 8.Rd1 Qa5
9.Nd2 cxd4 10.exd4 dxc4 11.Nxc4 Qd8 12.Bd3 Nb6 13.Nxb6 Qxb6 14.O-O Bd7 15.d5 Kh8
16.Qe2 Rae8 17.Bb1 exd5 18.Nxd5 Nxd5 19.Rxd5 Be6 20.Be3 Qc6 21.Qh5 f5 22.Bxf5 Bxf5
23.Rxf5 Bf6 24.Rc5 Qe4 25.Qd5 Bxb2 26.Qxe4 Rxe4 27.Rb1 Bf6 28.Ra5 a6 29.Rxb7 Bd4
30.h3 Bxe3 31.fxe3 Rxe3 32.Rxa6 Rg3 33.a4 h6 34.Kh2 Rg5 35.h4 Rg4 36.Kh3 Rff4
37.g3 Rxa4 38.Rab6 Kh7 39.Rb8 Rg6 40.Rxg6 Kxg6  1/2-1/2

[Event "34th El Corte Ingles"]
[Site "Las Palmas ESP"]
[Date "2013.12.07"]
[Round "7.17"]
[White "Aleman Alamo,N"]
[Black "Alba Santana,C"]
[Result "0-1"]
[WhiteElo "1537"]
[BlackElo "1769"]

1.d4 d5 2.c4 e6 3.Nc3 Nf6 4.Nf3 Be7 5.Bf4 O-O 6.e3 c6 7.h3 Nbd7 8.Be2 Re8
9.O-O Nf8 10.Rc1 Ng6 11.Bh2 Bd6 12.Ne5 Qe7 13.a3 Nd7 14.Nxg6 Bxh2+ 15.Kxh2 hxg6
16.cxd5 exd5 17.Bd3 Qh4 18.g3 Qh6 19.Kg2 Nf6 20.Rh1 Bd7 21.Be2 Qg5 22.b4 b5
23.h4 Qf5 24.Bd3 Qe6 25.Ne2 Qg4 26.Qd2 Qe6 27.Nf4 Qd6 28.Rh2 Nh5 29.Nh3 f5
30.Ng5 Re7 31.Nf3 Nf6 32.Ne5 Ng4 33.Nxg4 fxg4 34.h5 g5 35.Rch1 Rf8 36.h6 g6
37.h7+ Kh8 38.Rh6 Bf5 39.Bxf5 Rxf5 40.Qc2 Qf6 41.Rg1 Rf7 42.Rf1 Qe6 43.Rhh1 Rf3
44.Rh6 R3f6 45.Rhh1 Rf5 46.Rh6 Qf6 47.Rhh1 Qe6 48.Qd3 Qf6 49.Qd2 Rf3 50.Qe2 Qe6
51.Qc2 Qf6 52.Qe2 Qf5 53.Qd2 Qe4 54.Kg1 Qf5 55.Qe2 Qd7 56.Rh2 Rxh7 57.Rxh7+ Kxh7
58.Kh2 Kg7 59.Rc1 Rf8 60.f3 Rh8+ 61.Kg1 gxf3 62.Qf2 Rh3 63.Rf1 Qg4 64.Rc1 Rxg3+
65.Kf1 Rg2  0-1

[Event "Lidums AUS YM 2013"]
[Site "Adelaide AUS"]
[Date "2013.12.08"]
[Round "2.3"]
[White "Brown,An"]
[Black "Morris,J"]
[Result "1/2-1/2"]
[WhiteElo "2245"]
[BlackElo "2398"]

1.d4 d5 2.c4 e6 3.Nc3 Nf6 4.Nf3 Be7 5.Bf4 O-O 6.e3 a6 7.Qc2 Nbd7 8.cxd5 exd5
9.Be2 c6 10.h3 Re8 11.O-O Nf8 12.Ne5 Ng6 13.Bg3 Bd6 14.f4 c5 15.Bf3 Ne7 16.Bh4 cxd4
17.exd4 Nf5 18.Bf2 Bb4 19.g4 Bxc3 20.bxc3 Nd6 21.Bh4 Qc7 22.Bxf6 gxf6 23.Bxd5 Be6
24.Bxe6 Rxe6 25.f5 Re7 26.Rae1 fxe5 27.f6 Ree8 28.Qd2 Kh8 29.Qh6 Rg8 30.dxe5 Qc5+
31.Kh2 Nc4 32.e6 Qd6+ 33.Qf4 fxe6 34.Qxd6 Nxd6 35.Rxe6 Rad8 36.Re7 Rgf8 37.g5 Nf7
38.h4 b5 39.Rfe1 Kg8 40.R1e2 Rc8 41.R2e3 Rc4 42.Kh3 Ra4 43.Rg3 Rc8 44.h5 Rac4
45.g6 hxg6 46.hxg6 Nh8 47.Kg2 R4c6 48.Rg7+ Kf8 49.Rh7 Nxg6 50.Rxg6 Rxc3 51.f7 Rc2+
52.Kf3 R2c3+ 53.Kf4 R3c4+ 54.Kg3 Rc3+ 55.Kg2 Rc2+ 56.Kf3  1/2-1/2

[Event "TCh-AUT 1st Bundesliga 2013-14"]
[Site "Jenbach AUT"]
[Date "2013.12.08"]
[Round "3.1"]
[White "Kozul,Z"]
[Black "Babula,V"]
[Result "1/2-1/2"]
[WhiteElo "2590"]
[BlackElo "2584"]

1.d4 Nf6 2.c4 e6 3.Nf3 d5 4.Nc3 Be7 5.Bf4 O-O 6.e3 b6 7.cxd5 Nxd5 8.Nxd5 Qxd5
9.Be2 Bb4+ 10.Kf1 Bd6 11.Ne5 Ba6 12.Bxa6 Nxa6 13.Qa4 Nb4 14.a3 Bxe5 15.Bxe5 Nd3
16.Bxc7 Nxb2 17.Qa6 Nc4 18.Bg3 Rfc8 19.Kg1 Nd2 20.h4 Ne4 21.Kh2 Nxg3 22.Kxg3 e5
23.Rac1 Rd8 24.Rhd1 h5 25.Kh2 Qe4 26.dxe5 Qxh4+ 27.Kg1 Rxd1+ 28.Rxd1 Qe4
29.Qb5 Rc8 30.Qd7 Qg4 31.Qxg4 hxg4 32.Kh2 Rc5 33.Rd8+ Kh7 34.Rd7 Rxe5 35.Rxa7 f5
36.Kg3 Kg6 37.Ra6 Re6 38.Kh4 Kh6 39.a4 Rf6 40.Ra7 Re6 41.Rd7 Re4 42.Rd6+  1/2-1/2

[Event "6th Kolkata Open"]
[Site "Kolkata IND"]
[Date "2013.12.09"]
[Round "5.12"]
[White "Prasanna,Ra"]
[Black "Mirzoev,A"]
[Result "1/2-1/2"]
[WhiteElo "2392"]
[BlackElo "2518"]

1.d4 d5 2.c4 e6 3.Nc3 Nf6 4.Nf3 Be7 5.Bf4 O-O 6.e3 c6 7.Qc2 Nbd7 8.Rd1 b6
9.cxd5 cxd5 10.Bd3 a6 11.Na4 b5 12.Bc7 Qe8 13.Nc5 Nxc5 14.dxc5 Qc6 15.Bb6 Nd7
16.Bxh7+ Kh8 17.Nd4 Qb7 18.Bd3 Nxb6 19.cxb6 Qxb6 20.Qe2 g6 21.h4 e5 22.Nb3 f5
23.Bb1 Be6 24.Qf3 Bf6 25.Nd2  1/2-1/2

[Event "5th Classic Open 2013"]
[Site "London ENG"]
[Date "2013.12.10"]
[Round "4.88"]
[White "Warstad,Leif E"]
[Black "Clayton,T"]
[Result "0-1"]
[WhiteElo "1564"]
[BlackElo "1832"]

1.Nf3 d5 2.d4 Nf6 3.c4 e6 4.Nc3 Be7 5.Bf4 c6 6.e3 O-O 7.Be2 Nbd7 8.O-O Re8
9.Rc1 Nf8 10.Ne5 Ng6 11.Nxg6 hxg6 12.c5 Nd7 13.Bg3 e5 14.b4 exd4 15.exd4 a6
16.a4 Bf6 17.Bf3 Nf8 18.Ne2 Bf5 19.Re1 Ne6 20.Bd6 Nxd4 21.Nxd4 Rxe1+ 22.Qxe1 Bxd4
23.Qd2 Bf6 24.Re1 Qd7 25.Be2 Re8 26.Kf1 Be5 27.Bxe5 Rxe5 28.Bd3 Rxe1+ 29.Kxe1 Qe6+
30.Kf1 Bxd3+ 31.Qxd3 Qe5 32.g3 Qa1+ 33.Kg2 Qxa4 34.Qd2 Qa1 35.Qf4 Qe1 36.Qb8+ Kh7
37.Qxb7 Qe4+ 38.Kg1 d4 39.Qxa6 d3 40.Qc8 g5 41.Qd7 Qe1+ 42.Kg2 d2 43.Qf5+ Kh6  0-1

[Event "Lidums AUS YM 2013"]
[Site "Adelaide AUS"]
[Date "2013.12.11"]
[Round "8.2"]
[White "Brown,An"]
[Black "Wallis,C"]
[Result "0-1"]
[WhiteElo "2245"]
[BlackElo "2320"]

1.d4 Nf6 2.c4 e6 3.Nf3 d5 4.Nc3 Be7 5.Bf4 O-O 6.e3 Nbd7 7.cxd5 Nxd5 8.Nxd5 exd5
9.Bd3 c5 10.O-O c4 11.Bc2 b5 12.e4 Nf6 13.e5 Ne4 14.Ne1 f5 15.f3 Ng5 16.Bxg5 Bxg5
17.f4 Be7 18.g4 fxg4 19.f5 h5 20.Bb1 Qb6 21.Qd2 Bb4 22.Qxb4 Qxd4+ 23.Kh1 Qxe5
24.Ng2 Bxf5 25.Bxf5 Rxf5 26.Rfe1 Qf6 27.Qxb5 Qf7 28.Ne3 Re5 29.Rf1 Qe6 30.Ng2 Re8
31.Rae1 Rxe1 32.Rxe1 Rf8 33.Qa5 Qf5 34.Qxa7 Qd3 35.Kg1 d4 36.Qd7 Kh7 37.Qe7 Rf5
38.Qe4 Qxe4 39.Rxe4 Ra5 40.Rxd4 Rxa2 41.Rd5 g6 42.Rb5 Ra1+ 43.Kf2 Rh1 44.Rb4 Rxh2
45.Rxc4 Rh1 46.b4 Rb1 47.Ne3 Rb3 48.Re4 Kh6 49.Nd5 Kg5 50.Re3 Rb2+ 51.Re2 Rb3
52.Re5+ Kh4 53.Nf4 Rf3+ 54.Kg2 Rxf4 55.Rb5 Rc4 56.Rb6 Rc2+ 57.Kf1 g5 58.Rd6 Rb2
59.Rd4 Kh3 60.Rd3+ g3 61.Rd1 Kh2  0-1

[Event "5th Classic Open 2013"]
[Site "London ENG"]
[Date "2013.12.12"]
[Round "6.49"]
[White "Stanisz,P"]
[Black "Woong,Zhi Wei William"]
[Result "1/2-1/2"]
[WhiteElo "2165"]
[BlackElo "1837"]

1.d4 d5 2.c4 e6 3.Nc3 Be7 4.Nf3 Nf6 5.Bf4 a6 6.e3 dxc4 7.Bxc4 b5 8.Bd3 Bb7
9.O-O Nbd7 10.Qe2 c5 11.Rfd1 cxd4 12.exd4 O-O 13.Ne5 Nb6 14.a3 Nbd5 15.Bd2 Re8
16.Ne4 h6 17.Qf3 Rb8 18.g4 Rf8 19.Qh3 Nxe4 20.Bxe4 Nf4 21.Qf3 Nd5 22.Rac1 Bf6
23.Bb4 Be7 24.Bxe7 Qxe7 25.Nc6 Bxc6 26.Rxc6 a5 27.Bxd5 exd5 28.Rdc1 b4 29.a4 Rfd8
30.Qf5 Qe4 31.Rc7 Qxf5 32.gxf5 b3 33.Ra7 Rbc8 34.Rxc8 Rxc8 35.Rxa5 Rc4 36.Rxd5 Rxa4
37.Rb5 Rxd4 38.Rxb3 Rd5 39.Rf3 Rb5 40.b3 Kf8 41.Kf1 Ke7 42.Ke2 Kd6 43.Kd2 Re5
44.Rf4 Kc5 45.Kd3 Kb5 46.Kc3 Rd5 47.Kb2 Rd2+ 48.Ka3 Rc2 49.Rb4+ Ka6 50.Ra4+ Kb6
51.Rf4 Kb5 52.Rf3 Rd2 53.Rg3 f6 54.Rxg7 Rxf2 55.Rb7+ Kc6 56.Rh7 Rxf5 57.b4 Kb5
58.Rb7+ Kc6 59.Ra7 Kb6 60.Rh7 Kb5  1/2-1/2